| 000 | 00822nam a2200265Ia 4500 | ||
|---|---|---|---|
| 003 | OSt | ||
| 005 | 20221005072419.0 | ||
| 006 | a|||||r|||| 00| 0 | ||
| 007 | ta | ||
| 008 | 221004b |||||||| |||| 00| 0 eng d | ||
| 020 |
_a8186921303 (hbk) _c200 |
||
| 024 | _a89143 | ||
| 037 |
_b19390, 17/03/2008, Motilal Banarsidass _cTextual |
||
| 040 |
_aCRL _cCRL _beng |
||
| 041 |
_2eng _aeng |
||
| 082 | _aR3xL24:g, P5 | ||
| 100 | _aRoy Pabitra Kumar | ||
| 245 | 0 |
_aKant's concept of the subline _b a pathway to the numinous |
|
| 260 |
_aNew Delhi _bDecent Books India _c2005 |
||
| 300 |
_a110p. _ccm. |
||
| 490 | _aUtkal studies in Philosophy - X | ||
| 650 | _aPHILOSOPHY | ||
| 942 |
_hR3xL24:g, P5 _cTEXL _2cc |
||
| 999 |
_c979354 _d979354 |
||